Metóda výpočtu rizikovej úpravy z nefinančného rizika

Salvato in:
Dettagli Bibliografici
Autore principale: Zelinová, Silvia, 1987-
Altri autori: Gogola, Ján, 1977-
Natura: Libro
Lingua:slovacco
Pubblicazione: Bratislava [Katedra matematiky a aktuárstva FHI] [2025]
Edizione:1. vydanie
Soggetti:
Tags: Aggiungi Tag
Nessun Tag, puoi essere il primo ad aggiungerne!!

MARC

LEADER 00000nlm a2200000 4500
001 0308782
005 20251111085023.2
041 0 |a slo 
044 |a SK 
245 1 0 |a Metóda výpočtu rizikovej úpravy z nefinančného rizika  |c Silvia Zelinová, Ján Gogola 
250 |a 1. vydanie 
264 1 |a Bratislava  |b [Katedra matematiky a aktuárstva FHI]  |c [2025] 
300 |a [6] s. 
610 2 0 |a IFRS 
610 2 0 |a poistenie životné 
610 2 0 |a riziko poistné 
610 2 0 |a metóda Value at Risk 
610 2 0 |a matematika poistná 
100 1 |a Zelinová, Silvia, 1987- 
700 1 |a Gogola, Ján, 1977-